[Event "29. Open Villa de Benasque 2009  "]
[Site "Benasque ESP"]
[Date "2009.07.04"]
[Round "2.8"]
[White "Lillo Ferrer, Jose Maria M"]
[Black "Marin, Mihail"]
[Result "0-1"]
[WhiteElo "2171"]
[BlackElo "2583"]
[PlyCount "94"]
[EventDate "2009.07.03"]
[EventType "swiss"]
[EventRounds "11"]
[EventCountry "ESP"]
[Source "lmi"]
[SourceDate "2009.07.03"]

1. e4 Nf6 2. d3 d5 3. e5 Nfd7 4. f4 e6 5. Nf3 c5 6. c3 Nc6 7. Be2 Be7 8. O-O
O-O 9. d4 f5 10. Kh1 b6 11. c4 Nxd4 12. Nxd4 cxd4 13. Qxd4 Nc5 14. cxd5 exd5
15. Nc3 Bb7 16. Be3 Ne6 17. Qd2 Bb4 18. a3 Bxc3 19. bxc3 Qe7 20. Qb2 Bc6 21.
Qb4 Qb7 22. Bf3 Rfd8 23. a4 Rd7 24. Kg1 Rad8 25. Rfd1 d4 26. Bxc6 Qxc6 27. cxd4
Nc7 28. Qb3+ Nd5 29. Rac1 Qe6 30. Rd3 Kf7 31. Bd2 Rc7 32. Kf2 Rxc1 33. Bxc1 Rc8
34. Bd2 g6 35. g3 Kg7 36. h3 h5 37. h4 Qc6 38. Kg1 a6 39. Qa3 Rc7 40. Qb3 Qc4
41. Qa3 Qc2 42. e6 Qc6 43. e7 Rxe7 44. Rc3 Qe6 45. Rc1 Qe4 46. Qb2 Qf3 47. Be1
Re2 0-1

[Event "29. Open Villa de Benasque 2009  "]
[Site "Benasque ESP"]
[Date "2009.07.05"]
[Round "3.3"]
[White "Kovacevic, Slobodan"]
[Black "Laznicka, Viktor"]
[Result "0-1"]
[WhiteElo "2372"]
[BlackElo "2617"]
[PlyCount "110"]
[EventDate "2009.07.03"]
[EventType "swiss"]
[EventRounds "11"]
[EventCountry "ESP"]
[Source "lmi"]
[SourceDate "2009.07.03"]

1. d4 Nf6 2. Nf3 d6 3. Bg5 Nbd7 4. Nbd2 h6 5. Bh4 g5 6. Bg3 Nh5 7. e4 Bg7 8. c3
e6 9. Nc4 Qe7 10. Nfd2 Nxg3 11. hxg3 c5 12. Nb3 cxd4 13. Nxd4 O-O 14. Nf3 d5
15. exd5 exd5+ 16. Ne3 Nf6 17. Be2 Ne4 18. Qd3 Re8 19. g4 Ng3 20. fxg3 Qxe3 21.
Qxe3 Rxe3 22. Kf2 Re4 23. Rad1 Bxg4 24. Rxd5 Be6 25. Ra5 b6 26. Ra3 Bf8 27. Bd3
Bc5+ 28. Nd4 Rxd4 29. cxd4 Bxa3 30. bxa3 Kg7 31. Be4 Rc8 32. d5 Bd7 33. Bf3 Kf6
34. Be4 Ke5 35. Bb1 Rh8 36. Rc1 Kd6 37. Ke3 Re8+ 38. Kf2 h5 39. Bd3 Rc8 40. Rh1
Rc3 41. Bb1 Bg4 42. Re1 Rxa3 43. Re8 Kxd5 44. Rg8 f6 45. Re8 Kd4 46. Rf8 Kc3
47. Rxf6 Kb2 48. Be4 Rxa2 49. Rh6 b5 50. Rg6 Kc3+ 51. Kg1 b4 52. Rxg5 b3 53.
Rb5 Bd1 54. Bg6 Bc2 55. Bxh5 b2 0-1

[Event "29. Open Villa de Benasque 2009  "]
[Site "Benasque ESP"]
[Date "2009.07.05"]
[Round "3.4"]
[White "Mamedov, Nidjat"]
[Black "Alvarez Fernandez, Enrique"]
[Result "1-0"]
[WhiteElo "2614"]
[BlackElo "2370"]
[PlyCount "49"]
[EventDate "2009.07.03"]
[EventType "swiss"]
[EventRounds "11"]
[EventCountry "ESP"]
[Source "lmi"]
[SourceDate "2009.07.03"]

1. e4 e6 2. d4 d5 3. Nd2 dxe4 4. Nxe4 Bd7 5. c4 Bc6 6. Nc3 Nf6 7. Nf3 Bxf3 8.
Qxf3 c6 9. Be3 Nbd7 10. Bd3 Be7 11. O-O-O Qa5 12. g4 Nb6 13. Kb1 Bb4 14. Rc1
Na4 15. Nxa4 Qxa4 16. g5 Nd7 17. h4 Qa5 18. Rcd1 Be7 19. c5 Qd8 20. Rhg1 h5 21.
g6 f5 22. Bc4 Nf8 23. Bf4 Qd7 24. Rge1 O-O-O 25. Bg3 1-0

[Event "29. Open Villa de Benasque 2009  "]
[Site "Benasque ESP"]
[Date "2009.07.05"]
[Round "3.5"]
[White "Martin Gonzalez, Angel"]
[Black "Kotronias, Vasilios"]
[Result "0-1"]
[WhiteElo "2363"]
[BlackElo "2613"]
[PlyCount "48"]
[EventDate "2009.07.03"]
[EventType "swiss"]
[EventRounds "11"]
[EventCountry "ESP"]
[Source "lmi"]
[SourceDate "2009.07.03"]

1. e4 d6 2. f4 d5 3. exd5 Nf6 4. d4 Nxd5 5. c4 Nb6 6. Nf3 Bg4 7. c5 Nd5 8. Qb3
Nc6 9. Qxb7 Ndb4 10. Bb5 Bd7 11. d5 Rb8 12. dxc6 Bf5 13. Nd4 Bd3 14. Bxd3 Nxd3+
15. Ke2 Rxb7 16. cxb7 Nxc5 17. Rd1 Nxb7 18. Nc3 Nd6 19. f5 Qb8 20. Kf1 c5 21.
Nb3 Nxf5 22. Nxc5 Qxh2 23. N3e4 e6 24. Bg5 Be7 0-1

[Event "29. Open Villa de Benasque 2009  "]
[Site "Benasque ESP"]
[Date "2009.07.05"]
[Round "3.6"]
[White "Edouard, Romain"]
[Black "Vega Gutierrez, Sabrina"]
[Result "1/2-1/2"]
[WhiteElo "2597"]
[BlackElo "2352"]
[PlyCount "44"]
[EventDate "2009.07.03"]
[EventType "swiss"]
[EventRounds "11"]
[EventCountry "ESP"]
[Source "lmi"]
[SourceDate "2009.07.03"]

1. d4 d5 2. c4 dxc4 3. Nf3 Nf6 4. e3 Bg4 5. Bxc4 e6 6. Nbd2 Nbd7 7. O-O Bd6 8.
e4 e5 9. Qb3 O-O 10. Ng5 Bh5 11. f4 exf4 12. e5 Ng4 13. Nde4 Be7 14. Nxf7 Bxf7
15. Bxf7+ Rxf7 16. e6 Rf8 17. exd7+ Kh8 18. h3 Nf6 19. Nxf6 Bxf6 20. Qd5 c6 21.
Qd6 Rf7 22. Qxf4 Qxd7 1/2-1/2

[Event "29. Open Villa de Benasque 2009  "]
[Site "Benasque ESP"]
[Date "2009.07.05"]
[Round "3.7"]
[White "Westerinen, Heikki M J"]
[Black "Andriasian, Zaven"]
[Result "0-1"]
[WhiteElo "2362"]
[BlackElo "2585"]
[PlyCount "53"]
[EventDate "2009.07.03"]
[EventType "swiss"]
[EventRounds "11"]
[EventCountry "ESP"]
[Source "lmi"]
[SourceDate "2009.07.03"]

1. e4 c5 2. Nf3 d6 3. d4 cxd4 4. Nxd4 Nf6 5. f3 a6 6. c4 e6 7. Nc3 Be7 8. Be3
O-O 9. Be2 b6 10. O-O Bb7 11. Nb3 Nbd7 12. a4 Qc7 13. a5 Rab8 14. axb6 Nxb6 15.
Na5 Rfd8 16. Nxb7 Rxb7 17. Qd4 Nfd7 18. Rxa6 Nc5 19. Ra2 Bf6 20. Qd2 Bxc3 21.
Qxc3 Nba4 22. Qc2 Rdb8 23. Rfa1 Rb3 24. Qd2 R3b4 25. Qc2 Qc6 26. h3 h6 27. Bf1
0-1

[Event "29. Open Villa de Benasque 2009  "]
[Site "Benasque ESP"]
[Date "2009.07.05"]
[Round "3.8"]
[White "Marin, Mihail"]
[Black "Espinosa Aranda, Angel"]
[Result "1-0"]
[WhiteElo "2583"]
[BlackElo "2350"]
[PlyCount "26"]
[EventDate "2009.07.03"]
[EventType "swiss"]
[EventRounds "11"]
[EventCountry "ESP"]
[Source "lmi"]
[SourceDate "2009.07.03"]

1. c4 Nf6 2. g3 c6 3. Bg2 d5 4. Nf3 g6 5. b3 Bg7 6. Bb2 O-O 7. O-O a5 8. d3 Na6
9. Nbd2 a4 10. Bc3 Bg4 11. Qc2 axb3 12. axb3 Qb6 13. Qb2 Rfc8 1-0

[Event "29. Open Villa de Benasque 2009  "]
[Site "Benasque ESP"]
[Date "2009.07.05"]
[Round "4.3"]
[White "Laznicka, Viktor"]
[Black "Starostits, Ilmars"]
[Result "1-0"]
[WhiteElo "2617"]
[BlackElo "2482"]
[PlyCount "81"]
[EventDate "2009.07.03"]
[EventType "swiss"]
[EventRounds "11"]
[EventCountry "ESP"]
[Source "lmi"]
[SourceDate "2009.07.03"]

1. d4 d5 2. Nf3 c6 3. e3 Nf6 4. c4 Bf5 5. Nc3 e6 6. Nh4 Bg4 7. Qb3 b6 8. h3 Bh5
9. g4 Bg6 10. g5 Ng8 11. Nxg6 hxg6 12. cxd5 exd5 13. e4 Rh4 14. Be3 Bd6 15.
exd5 Ne7 16. O-O-O Kf8 17. Bg2 c5 18. dxc5 bxc5 19. Ne4 Na6 20. Qc4 Nc7 21. f4
Nf5 22. Nxd6 Nxe3 23. Qxc5 Nxg2 24. Nb7+ Qe7 25. d6 Qe3+ 26. Qxe3 Nxe3 27. dxc7
Nxd1 28. Rxd1 Ke7 29. Nd6 Rhh8 30. Rd4 f5 31. Kd2 Kd7 32. c8=Q+ Raxc8 33. Nxc8+
Kxc8 34. Rd6 Rxh3 35. Rxg6 Rh7 36. Kc3 a5 37. Kd4 Rh2 38. Rxg7 Re2 39. Ra7 Re4+
40. Kd5 Rxf4 41. g6 1-0

[Event "29. Open Villa de Benasque 2009  "]
[Site "Benasque ESP"]
[Date "2009.07.05"]
[Round "4.4"]
[White "D`costa, Lorin A R"]
[Black "Mamedov, Nidjat"]
[Result "0-1"]
[WhiteElo "2477"]
[BlackElo "2614"]
[PlyCount "87"]
[EventDate "2009.07.03"]
[EventType "swiss"]
[EventRounds "11"]
[EventCountry "ESP"]
[Source "lmi"]
[SourceDate "2009.07.03"]

1. c4 Nf6 2. g3 g6 3. Bg2 Bg7 4. Nc3 O-O 5. e4 c5 6. Nge2 Nc6 7. O-O d6 8. d3
Ne8 9. Be3 Nd4 10. Rb1 a5 11. Qd2 Nc7 12. Bh6 e5 13. Bxg7 Kxg7 14. f4 f6 15.
Rf2 Bg4 16. Nxd4 cxd4 17. Nd5 Nxd5 18. cxd5 Qb6 19. h3 Bd7 20. Rbf1 Rac8 21. g4
Qb4 22. Qe2 Ba4 23. b3 Bb5 24. g5 exf4 25. gxf6+ Rxf6 26. Rxf4 Rxf4 27. Rxf4
Rc1+ 28. Kh2 Qe1 29. Qf3 Qe3 30. Rf7+ Kh6 31. Kg3 Bxd3 32. Rxb7 Qxf3+ 33. Kh2
Re1 34. Bxf3 Be2 35. Re7 d3 36. e5 d2 37. exd6 d1=Q 38. d7 Qd4 39. d8=Q Kg5 40.
Qf8 Rd1 41. Bg2 Qe4 42. Rxe4 Rd3 43. Re7 Rg3 44. Kxg3 0-1

[Event "29. Open Villa de Benasque 2009  "]
[Site "Benasque ESP"]
[Date "2009.07.05"]
[Round "4.7"]
[White "Jansa, Vlastimil"]
[Black "Marin, Mihail"]
[Result "1/2-1/2"]
[WhiteElo "2470"]
[BlackElo "2583"]
[PlyCount "51"]
[EventDate "2009.07.03"]
[EventType "swiss"]
[EventRounds "11"]
[EventCountry "ESP"]
[Source "lmi"]
[SourceDate "2009.07.03"]

1. e4 e5 2. Nf3 Nc6 3. Bb5 a6 4. Ba4 Nf6 5. O-O Nxe4 6. d4 b5 7. Bb3 d5 8. dxe5
Be6 9. Nbd2 Nc5 10. c3 Bg4 11. Bc2 Ne6 12. Re1 Bc5 13. h3 Bh5 14. Nf1 O-O 15.
Ng3 Bg6 16. Be3 Bxe3 17. Rxe3 Ne7 18. Nd4 c5 19. Ndf5 Nxf5 20. Nxf5 d4 21. Rf3
Bxf5 22. Bxf5 Qd5 23. Qc2 g6 24. Be4 Qxe5 25. Bxa8 Rxa8 26. Qd2 1/2-1/2

[Event "29. Open Villa de Benasque 2009  "]
[Site "Benasque ESP"]
[Date "2009.07.06"]
[Round "5.3"]
[White "Laznicka, Viktor"]
[Black "Teske, Henrik"]
[Result "1-0"]
[WhiteElo "2617"]
[BlackElo "2536"]
[PlyCount "59"]
[EventDate "2009.07.03"]
[EventType "swiss"]
[EventRounds "11"]
[EventCountry "ESP"]
[Source "lmi"]
[SourceDate "2009.07.03"]

1. d4 d5 2. c4 e6 3. Nc3 Nf6 4. Bg5 Nbd7 5. e3 Be7 6. Nf3 a6 7. cxd5 exd5 8.
Bd3 Nf8 9. O-O Ne6 10. Bh4 O-O 11. b4 c6 12. a4 Bxb4 13. Bxh7+ Kh8 14. Bc2 g6
15. e4 dxe4 16. Nxe4 Be7 17. Re1 Kg7 18. Qd2 Nd5 19. Bxe7 Qxe7 20. Rab1 Rd8 21.
h4 Nf6 22. Neg5 Qd6 23. Nxf7 Kxf7 24. Qh6 Qf4 25. Qxg6+ Ke7 26. Ng5 Ng4 27.
Rxb7+ Bxb7 28. Qxe6+ Kf8 29. Qe7+ Kg8 30. Qh7+ 1-0

[Event "29. Open Villa de Benasque 2009  "]
[Site "Benasque ESP"]
[Date "2009.07.06"]
[Round "5.4"]
[White "Mamedov, Nidjat"]
[Black "Recuero Guerra, David"]
[Result "1-0"]
[WhiteElo "2614"]
[BlackElo "2460"]
[PlyCount "65"]
[EventDate "2009.07.03"]
[EventType "swiss"]
[EventRounds "11"]
[EventCountry "ESP"]
[Source "lmi"]
[SourceDate "2009.07.03"]

1. e4 c5 2. Nf3 d6 3. d4 cxd4 4. Nxd4 Nf6 5. Nc3 Nc6 6. f3 Nxd4 7. Qxd4 g6 8.
Bb5+ Bd7 9. Bxd7+ Qxd7 10. Bg5 Bg7 11. O-O-O h6 12. Be3 Qc6 13. Qd2 Nd7 14. Bd4
Bxd4 15. Qxd4 f6 16. f4 a6 17. h4 Rc8 18. Qd3 Nc5 19. Qe2 Na4 20. Rh3 Qc4 21.
Qg4 Nxb2 22. Rd4 Qxd4 23. Qxc8+ Kf7 24. Qxh8 Nc4 25. Qh7+ Kf8 26. Qxh6+ Kf7 27.
Rd3 Qb6 28. f5 Qb2+ 29. Kd1 g5 30. hxg5 Qa1+ 31. Ke2 Qg1 32. Qg6+ Kf8 33. gxf6
1-0

[Event "29. Open Villa de Benasque 2009  "]
[Site "Benasque ESP"]
[Date "2009.07.06"]
[Round "5.5"]
[White "De La Villa Garcia, Jesus Maria"]
[Black "Sulskis, Sarunas"]
[Result "0-1"]
[WhiteElo "2472"]
[BlackElo "2559"]
[PlyCount "76"]
[EventDate "2009.07.03"]
[EventType "swiss"]
[EventRounds "11"]
[EventCountry "ESP"]
[Source "lmi"]
[SourceDate "2009.07.03"]

1. e4 c6 2. Nc3 d5 3. d4 dxe4 4. Nxe4 Bf5 5. Ng3 Bg6 6. Bc4 e6 7. N1e2 Qh4 8.
Be3 Nf6 9. Qd2 Ne4 10. Nxe4 Qxe4 11. Bb3 a5 12. Nf4 a4 13. f3 Qf5 14. Nxg6 hxg6
15. Bc4 Nd7 16. Bd3 Qa5 17. Qxa5 Rxa5 18. c4 a3 19. b3 Rah5 20. h3 Bb4+ 21. Kf2
e5 22. Rad1 Ke7 23. f4 exd4 24. Bxd4 Rh4 25. Kf3 g5 26. Rhe1+ Bxe1 27. Rxe1+
Kd8 28. g3 Rxh3 29. fxg5 Rh1 30. Re3 f6 31. gxf6 gxf6 32. Re6 Re8 33. Bxf6+
Nxf6 34. Rxf6 Rh2 35. Bf5 Rxa2 36. Rf7 Re1 37. Rd7+ Ke8 38. Rxb7 Rb2 0-1

[Event "29. Open Villa de Benasque 2009  "]
[Site "Benasque ESP"]
[Date "2009.07.06"]
[Round "5.6"]
[White "Andriasian, Zaven"]
[Black "Garza Marco, Sergio"]
[Result "1-0"]
[WhiteElo "2585"]
[BlackElo "2436"]
[PlyCount "75"]
[EventDate "2009.07.03"]
[EventType "swiss"]
[EventRounds "11"]
[EventCountry "ESP"]
[Source "lmi"]
[SourceDate "2009.07.03"]

1. e4 c5 2. Nf3 d6 3. c3 Nf6 4. h3 Nbd7 5. Bd3 b6 6. O-O Bb7 7. Re1 Qc7 8. Bc2
Rc8 9. Na3 e6 10. d4 cxd4 11. Nb5 Qb8 12. cxd4 Be7 13. Bf4 e5 14. Bg3 O-O 15.
Qd2 a6 16. Nc3 b5 17. a3 Rfe8 18. Rad1 Bf8 19. Bb3 exd4 20. Qxd4 Nc5 21. Bc2
Qa8 22. Nd2 Ne6 23. Qe3 d5 24. exd5 Nxd5 25. Qd3 Nf6 26. Nde4 Nxe4 27. Nxe4
Bxe4 28. Qxe4 Qxe4 29. Bxe4 Nc5 30. Bf5 Rxe1+ 31. Rxe1 Rd8 32. b4 Nb3 33. Bc7
Ra8 34. Rd1 g6 35. Be4 Re8 36. Bd5 Rc8 37. Bf4 Rc3 38. Be5 1-0

[Event "29. Open Villa de Benasque 2009  "]
[Site "Benasque ESP"]
[Date "2009.07.06"]
[Round "5.7"]
[White "Pena Gomez, Manuel"]
[Black "Edouard, Romain"]
[Result "0-1"]
[WhiteElo "2467"]
[BlackElo "2597"]
[PlyCount "162"]
[EventDate "2009.07.03"]
[EventType "swiss"]
[EventRounds "11"]
[EventCountry "ESP"]
[Source "lmi"]
[SourceDate "2009.07.03"]

1. g3 d5 2. Bg2 e5 3. c4 d4 4. d3 c5 5. Nf3 Nc6 6. e3 Bd6 7. exd4 cxd4 8. O-O
Nge7 9. Re1 O-O 10. Na3 Ng6 11. Nc2 Re8 12. Ng5 h6 13. Ne4 Bf8 14. Qh5 Be6 15.
h3 Rc8 16. Rf1 Nh8 17. Bg5 f6 18. Bxf6 gxf6 19. Qxe8 Qxe8 20. Nxf6+ Kg7 21.
Nxe8+ Rxe8 22. a3 Bf5 23. Rad1 Ng6 24. Rfe1 Rc8 25. h4 Bg4 26. Rb1 h5 27. Be4
Kf6 28. b4 Nge7 29. Kg2 b6 30. a4 Bh6 31. Rf1 Rc7 32. f3 Bf5 33. Rf2 Nd8 34. a5
bxa5 35. bxa5 Ne6 36. Rb8 Nc5 37. Nb4 Be3 38. Rf1 Bd2 39. Nd5+ Nxd5 40. cxd5
Rc8 41. Rxc8 Bxc8 42. g4 Bxa5 43. gxh5 Bf5 44. h6 Bxe4 45. fxe4+ Kg6 46. h7
Kxh7 47. Rf7+ Kg6 48. Rxa7 Bd8 49. Kg3 Nxd3 50. Ra8 Bf6 51. Rc8 Nf4 52. d6 Kf7
53. d7 Ne6 54. Re8 d3 55. Kf3 Bxh4 56. Ke3 Bg5+ 57. Kxd3 Nc5+ 58. Kc4 Nxd7 59.
Rh8 Nf6 60. Ra8 Bf4 61. Kd3 Kg6 62. Ra7 Nh7 63. Kc4 Nf6 64. Kd3 Kg5 65. Rg7+
Kh4 66. Rg6 Bg5 67. Rg7 Bf4 68. Rg6 Ng4 69. Ke2 Kg3 70. Rg8 Bh6 71. Kd3 Kf3 72.
Rh8 Bf4 73. Rh3+ Bg3 74. Kc4 Nf2 75. Rh8 Nxe4 76. Kd3 Nf2+ 77. Kd2 e4 78. Rf8+
Bf4+ 79. Ke1 e3 80. Re8 Nd3+ 81. Kd1 Ne5 0-1

[Event "29. Open Villa de Benasque 2009  "]
[Site "Benasque ESP"]
[Date "2009.07.06"]
[Round "5.8"]
[White "Marin, Mihail"]
[Black "Pedersen, Nicolai Vesterbaek"]
[Result "1-0"]
[WhiteElo "2583"]
[BlackElo "2431"]
[PlyCount "97"]
[EventDate "2009.07.03"]
[EventType "swiss"]
[EventRounds "11"]
[EventCountry "ESP"]
[Source "lmi"]
[SourceDate "2009.07.03"]

1. c4 Nf6 2. g3 e5 3. Bg2 c6 4. d4 e4 5. Nc3 d5 6. Bg5 Bb4 7. cxd5 cxd5 8. Rc1
O-O 9. Nh3 Nbd7 10. O-O Bxc3 11. Rxc3 h6 12. Bf4 Qe7 13. Qd2 b6 14. Rfc1 Ba6
15. f3 Rfc8 16. Nf2 exf3 17. exf3 Rxc3 18. Rxc3 Bc4 19. b3 Bb5 20. Nd1 a5 21.
Ne3 Re8 22. g4 a4 23. bxa4 Bxa4 24. Bf1 Nf8 25. Nf5 Qe1 26. Bxh6 Qxd2 27. Bxd2
Bd7 28. Ng3 Ne6 29. Be3 Ra8 30. a3 Ra4 31. Ne2 Bb5 32. Rc8+ Kh7 33. Nc3 Ba6 34.
Nxa4 Bxc8 35. Nxb6 Bb7 36. a4 Nc7 37. Kf2 Kg8 38. h4 Kf8 39. Bf4 Nfe8 40. Nd7+
Ke7 41. Nc5 Bc6 42. Bxc7 Nxc7 43. a5 Ne8 44. h5 f6 45. Bd3 Nd6 46. Ke3 Nc4+ 47.
Bxc4 dxc4 48. Ne4 Kd8 49. Nxf6 1-0

[Event "29. Open Villa de Benasque 2009  "]
[Site "Benasque ESP"]
[Date "2009.07.07"]
[Round "6.1"]
[White "Mamedov, Nidjat"]
[Black "Burmakin, Vladimir"]
[Result "1/2-1/2"]
[WhiteElo "2614"]
[BlackElo "2627"]
[PlyCount "64"]
[EventDate "2009.07.03"]
[EventType "swiss"]
[EventRounds "11"]
[EventCountry "ESP"]
[Source "lmi"]
[SourceDate "2009.07.03"]

1. e4 c6 2. d4 d5 3. e5 Bf5 4. Nf3 e6 5. Be2 Ne7 6. O-O Nc8 7. Be3 Be7 8. Nbd2
O-O 9. Ne1 c5 10. dxc5 d4 11. Bf4 Bxc5 12. Nb3 Bb6 13. Bd3 Ne7 14. Bg5 Bxd3 15.
Qxd3 Nbc6 16. Nf3 f6 17. exf6 gxf6 18. Bh6 Rf7 19. c3 Nf5 20. Bd2 Qd5 21. Rfe1
Rg7 22. Qe4 Qxe4 23. Rxe4 e5 24. cxd4 Ncxd4 25. Nfxd4 Nxd4 26. Kf1 Rc8 27. Rc1
Rxc1+ 28. Bxc1 Rd7 29. Be3 Nxb3 30. axb3 Bxe3 31. Rxe3 Rd4 32. Ke2 Kf7 1/2-1/2

[Event "29. Open Villa de Benasque 2009  "]
[Site "Benasque ESP"]
[Date "2009.07.07"]
[Round "6.2"]
[White "Sulskis, Sarunas"]
[Black "Laznicka, Viktor"]
[Result "1/2-1/2"]
[WhiteElo "2559"]
[BlackElo "2617"]
[PlyCount "69"]
[EventDate "2009.07.03"]
[EventType "swiss"]
[EventRounds "11"]
[EventCountry "ESP"]
[Source "lmi"]
[SourceDate "2009.07.03"]

1. e4 e5 2. Bc4 Nf6 3. d3 c6 4. Nf3 d5 5. Bb3 a5 6. a4 Nbd7 7. O-O Nc5 8. Ba2
dxe4 9. Nxe5 Be6 10. Bxe6 Nxe6 11. dxe4 Qxd1 12. Rxd1 Nxe4 13. Be3 Bc5 14. Nd2
Nxd2 15. Bxd2 Ke7 16. Nc4 b6 17. Be3 Bxe3 18. fxe3 Rhb8 19. Ne5 Nd8 20. Ra3 f6
21. Rxd8 fxe5 22. Rdd3 Rd8 23. h4 Rxd3 24. Rxd3 Ke6 25. e4 b5 26. axb5 cxb5 27.
Rd5 b4 28. b3 a4 29. bxa4 Rxa4 30. Rb5 Ra2 31. Rb6+ Kf7 32. Rxb4 Rxc2 33. Rb5
Kf6 34. Rb6+ Kf7 35. Rb5 1/2-1/2

[Event "29. Open Villa de Benasque 2009  "]
[Site "Benasque ESP"]
[Date "2009.07.07"]
[Round "6.4"]
[White "Edouard, Romain"]
[Black "Iturrizaga, Eduardo"]
[Result "1-0"]
[WhiteElo "2597"]
[BlackElo "2555"]
[PlyCount "61"]
[EventDate "2009.07.03"]
[EventType "swiss"]
[EventRounds "11"]
[EventCountry "ESP"]
[Source "lmi"]
[SourceDate "2009.07.03"]

1. e4 c5 2. Nf3 e6 3. d4 cxd4 4. Nxd4 a6 5. Nc3 Qc7 6. Bd3 Nf6 7. f4 b5 8. e5
b4 9. Nce2 Nd5 10. Be4 Bb7 11. O-O Bc5 12. Kh1 O-O 13. Qd3 f5 14. Bf3 g6 15. a3
Rc8 16. Bd2 bxa3 17. bxa3 Nb6 18. Bxb7 Qxb7 19. Nb3 Be7 20. Rab1 Qd5 21. Nbd4
Bd8 22. Be3 Nc6 23. Rfd1 Ne7 24. Bf2 Qc4 25. Qh3 Nbd5 26. Qh6 Nc6 27. Rb3 Ra7
28. Rh3 d6 29. Nxc6 Qxe2 30. Bxa7 Rc7 31. Rb1 1-0

[Event "29. Open Villa de Benasque 2009  "]
[Site "Benasque ESP"]
[Date "2009.07.07"]
[Round "6.5"]
[White "Jansa, Vlastimil"]
[Black "Andriasian, Zaven"]
[Result "0-1"]
[WhiteElo "2470"]
[BlackElo "2585"]
[PlyCount "70"]
[EventDate "2009.07.03"]
[EventType "swiss"]
[EventRounds "11"]
[EventCountry "ESP"]
[Source "lmi"]
[SourceDate "2009.07.03"]

1. e4 c5 2. Nf3 d6 3. d4 cxd4 4. Nxd4 Nf6 5. Nc3 a6 6. Bd3 g6 7. O-O Bg7 8. Re1
O-O 9. Bf1 Nc6 10. Nb3 Bg4 11. Qd2 Rc8 12. Nd5 Nxd5 13. exd5 Ne5 14. a4 Re8 15.
a5 Bf5 16. c3 e6 17. dxe6 Bxe6 18. Qf4 Nc4 19. Qg3 Be5 20. Bf4 Nxb2 21. Nd4 Bc4
22. Reb1 Bxf1 23. Rxb2 Bc4 24. Rxb7 Bxf4 25. Qxf4 Qxa5 26. Qc1 Qe5 27. Qd2 Qc5
28. Rbb1 a5 29. h3 Rb8 30. Rxb8 Rxb8 31. Nc2 Bd5 32. Qe3 Ra8 33. Qe7 a4 34. Rd1
Qxc3 35. Qxd6 Bb3 0-1

[Event "29. Open Villa de Benasque 2009  "]
[Site "Benasque ESP"]
[Date "2009.07.07"]
[Round "6.6"]
[White "Gomez Esteban, Juan Mario"]
[Black "Marin, Mihail"]
[Result "1/2-1/2"]
[WhiteElo "2478"]
[BlackElo "2583"]
[PlyCount "70"]
[EventDate "2009.07.03"]
[EventType "swiss"]
[EventRounds "11"]
[EventCountry "ESP"]
[Source "lmi"]
[SourceDate "2009.07.03"]

1. d4 Nf6 2. c4 c5 3. d5 e6 4. Nc3 exd5 5. cxd5 d6 6. e4 g6 7. h3 Bg7 8. Nf3
O-O 9. Bd3 a6 10. a4 Nbd7 11. O-O Re8 12. Bf4 Qe7 13. a5 b5 14. axb6 Nxb6 15.
Re1 Nfd7 16. Qe2 Ne5 17. Bxe5 Bxe5 18. Nxe5 Qxe5 19. Bxa6 Bxa6 20. Rxa6 Rab8
21. Ra7 Nc8 22. Rc7 Re7 23. Rxe7 Nxe7 24. Ra1 Kg7 25. Ra7 Ng8 26. Nb5 Nf6 27.
Nxd6 Qxd6 28. e5 Qxd5 29. exf6+ Kxf6 30. Qe7+ Kg7 31. Rd7 Qf5 32. g4 Qf6 33.
Qxc5 Qxb2 34. Qd5 Rf8 35. Kg2 Qf6 1/2-1/2

[Event "29. Open Villa de Benasque 2009  "]
[Site "Benasque ESP"]
[Date "2009.07.07"]
[Round "6.7"]
[White "Lajthajm, Borko"]
[Black "Geetha, Narayanan Gopal"]
[Result "1-0"]
[WhiteElo "2484"]
[BlackElo "2575"]
[PlyCount "87"]
[EventDate "2009.07.03"]
[EventType "swiss"]
[EventRounds "11"]
[EventCountry "ESP"]
[Source "lmi"]
[SourceDate "2009.07.03"]

1. d4 Nf6 2. c4 c5 3. d5 e6 4. Nc3 exd5 5. cxd5 d6 6. e4 g6 7. Nf3 a6 8. a4 Bg4
9. Qb3 Bxf3 10. Qxb7 Nbd7 11. gxf3 Bg7 12. Be2 O-O 13. a5 Qe7 14. Qb3 Nh5 15.
Ra4 Be5 16. h4 Qf6 17. Qc2 Rfb8 18. Nd1 Bf4 19. Ne3 Ne5 20. Rh3 Bh6 21. b3 Nf4
22. Ng4 Qg7 23. Kf1 Nxg4 24. Bxf4 Ne5 25. Be3 Bxe3 26. fxe3 c4 27. Bxc4 Rc8 28.
Qc3 f5 29. exf5 gxf5 30. Ra2 Kh8 31. Rg2 Qf6 32. f4 Ng4 33. Qxf6+ Nxf6 34. Rg5
Ne4 35. Rxf5 Nd2+ 36. Ke2 Nxc4 37. bxc4 Rxc4 38. Rf6 Rd8 39. Rg3 Rc5 40. Rg5
Rxa5 41. Rf7 Re8 42. Rh5 Kg8 43. Rfxh7 Re4 44. Kf3 1-0

[Event "29. Open Villa de Benasque 2009  "]
[Site "Benasque ESP"]
[Date "2009.07.08"]
[Round "7.1"]
[White "Burmakin, Vladimir"]
[Black "Edouard, Romain"]
[Result "0-1"]
[WhiteElo "2627"]
[BlackElo "2597"]
[PlyCount "74"]
[EventDate "2009.07.03"]
[EventType "swiss"]
[EventRounds "11"]
[EventCountry "ESP"]
[Source "lmi"]
[SourceDate "2009.07.03"]

1. d4 d5 2. Nf3 Nf6 3. Bf4 c5 4. e3 Nc6 5. c3 Qb6 6. Qc2 g6 7. Nbd2 Bg7 8. Be2
O-O 9. h3 Nd7 10. O-O e5 11. dxe5 Ndxe5 12. Nxe5 Nxe5 13. Qb3 Be6 14. Rfd1 Qc6
15. Nf3 Nc4 16. Ng5 b5 17. Nxe6 fxe6 18. Qc2 Be5 19. b3 Bxf4 20. bxc4 Be5 21.
f4 Bg7 22. cxd5 exd5 23. Bf3 Rad8 24. Qd2 Kh8 25. Bxd5 Qf6 26. Rac1 g5 27. g3
gxf4 28. exf4 c4 29. Qg2 Rd6 30. a4 a6 31. axb5 axb5 32. Re1 Rfd8 33. Re5 Qg6
34. Be4 Qf7 35. Rxb5 Bxc3 36. Qf3 Bg7 37. Qh5 Qd7 0-1

[Event "29. Open Villa de Benasque 2009  "]
[Site "Benasque ESP"]
[Date "2009.07.08"]
[Round "7.2"]
[White "Laznicka, Viktor"]
[Black "Lajthajm, Borko"]
[Result "1-0"]
[WhiteElo "2617"]
[BlackElo "2484"]
[PlyCount "39"]
[EventDate "2009.07.03"]
[EventType "swiss"]
[EventRounds "11"]
[EventCountry "ESP"]
[Source "lmi"]
[SourceDate "2009.07.03"]

1. d4 Nf6 2. c4 e6 3. g3 Bb4+ 4. Bd2 Qe7 5. Bg2 Bxd2+ 6. Qxd2 d6 7. Nc3 c6 8.
e4 e5 9. Nge2 O-O 10. O-O Re8 11. f4 Nbd7 12. Rad1 Nb6 13. Qd3 Bg4 14. c5 exd4
15. cxd6 Qxd6 16. e5 Qc5 17. Qxd4 Nfd7 18. Rde1 Bxe2 19. Qxc5 Nxc5 20. Rxe2 1-0

[Event "29. Open Villa de Benasque 2009  "]
[Site "Benasque ESP"]
[Date "2009.07.08"]
[Round "7.3"]
[White "Andriasian, Zaven"]
[Black "Mamedov, Nidjat"]
[Result "1/2-1/2"]
[WhiteElo "2585"]
[BlackElo "2614"]
[PlyCount "57"]
[EventDate "2009.07.03"]
[EventType "swiss"]
[EventRounds "11"]
[EventCountry "ESP"]
[Source "lmi"]
[SourceDate "2009.07.03"]

1. e4 c5 2. Nf3 d6 3. d4 cxd4 4. Nxd4 Nf6 5. Nc3 Nc6 6. Bg5 e6 7. Qd2 Qb6 8.
Bxf6 gxf6 9. Nb3 Bd7 10. O-O-O O-O-O 11. f4 a6 12. Kb1 Be7 13. Be2 h5 14. Rhf1
Kb8 15. Rf3 Rdg8 16. Bf1 h4 17. Ne2 Rh5 18. Nbd4 Na5 19. f5 Rg4 20. Nf4 Rxf4
21. Rxf4 e5 22. Ne2 exf4 23. Nxf4 Bd8 24. Be2 Rg5 25. Bf3 Nc4 26. Qc3 Nxb2 27.
Qxb2 Qxb2+ 28. Kxb2 Bc6 29. Nd5 1/2-1/2